Orden político e historia en Venezuela. / (Record no. 13950)
[ view plain ]
| 000 -CABECERA | |
|---|---|
| campo de control de longitud fija | 00917cam a2200265 a 4500 |
| 001 - NÚMERO DE CONTROL | |
| campo de control | 000014358 |
| 003 - IDENTIFICADOR DEL NÚMERO DE CONTROL | |
| campo de control | DO-SdBNP |
| 005 - FECHA Y HORA DE LA ÚLTIMA TRANSACCIÓN | |
| campo de control | 20251028125137.0 |
| 008 - DATOS DE LONGITUD FIJA--INFORMACIÓN GENERAL | |
| campo de control de longitud fija | 750319s1966 ve 001 0 spa |
| 040 ## - FUENTE DE LA CATALOGACIÓN | |
| Centro catalogador/agencia de origen | DO-SdBNP |
| Lengua de catalogación | spa |
| Centro/agencia transcriptor | DLC |
| Centro/agencia modificador | BNPHU |
| 049 ## - FONDOS LOCALES (OCLC) | |
| Fondos de biblioteca | BNGR |
| 082 ## - NÚMERO DE LA CLASIFICACIÓN DECIMAL DEWEY | |
| Número de clasificación | 342.87029 |
| Número de documento/Ítem | E74ó, 1966 |
| 100 1# - ENTRADA PRINCIPAL--NOMBRE DE PERSONA | |
| Nombre de persona | Escovar Salom, Ramón, |
| Fechas asociadas al nombre | 1926- |
| 9 (RLIN) | 32421 |
| 245 10 - MENCIÓN DE TÍTULO | |
| Título | Orden político e historia en Venezuela. / |
| Mención de responsabilidad, etc. | Ramón Escovar Salom. |
| 250 ## - MENCIÓN DE EDICIÓN | |
| Mención de edición | 2a ed. |
| 260 ## - PUBLICACIÓN, DISTRIBUCIÓN, ETC. | |
| Lugar de publicación, distribución, etc. | Caracas, Venezuela : |
| Nombre del editor, distribuidor, etc. | Italgrafica, |
| Fecha de publicación, distribución, etc. | 1966. |
| 300 ## - DESCRIPCIÓN FÍSICA | |
| Extensión | 117 p. ; |
| Dimensiones | 21 cm. |
| 490 1# - MENCIÓN DE SERIE | |
| Mención de serie | Estudios varios, |
| Designación de volumen o secuencia | 2 |
| Mención de serie | Ediciones del Ministerio de Justicia |
| 504 ## - NOTA DE BIBLIOGRAFÍA, ETC. | |
| Nota de bibliografía, etc. | Bibliografía: p. 113-117. |
| 651 #0 - PUNTO DE ACCESO ADICIONAL DE MATERIA--NOMBRE GEOGRÁFICO | |
| Nombre geográfico | Venezuela |
| Subdivisión general | Política y gobierno |
| 9 (RLIN) | 26230 |
| 651 #7 - PUNTO DE ACCESO ADICIONAL DE MATERIA--NOMBRE GEOGRÁFICO | |
| Nombre geográfico | Venezuela |
| Subdivisión general | Historia constitucional |
| 9 (RLIN) | 26230 |
| Fuente del encabezamiento o término | LEMB |
| 830 #0 - PUNTO DE ACCESO ADICIONAL DE SERIE-TÍTULO UNIFORME | |
| Título uniforme | Estudios varios ; |
| Designación de volumen o secuencia | 2 |
| Nombre de parte o sección de la obra | Ediciones Ministerio de Justicia |
| 9 (RLIN) | 32422 |
| 910 ## - DATOS DE OPCIÓN DEL USUARIO (OCLC) | |
| Datos de opción del usuario | Catalogación por copia/LC |
| 942 ## - ELEMENTOS DE PUNTO DE ACCESO ADICIONAL (KOHA) | |
| Fuente del sistema de clasificación o colocación | Dewey Decimal Classification |
| Tipo de ítem Koha | Libro |
| Estado de retiro | Estado de pérdida | Fuente del sistema de clasificación o colocación | Restricciones de uso | No para préstamo | Código de colección | Localización permanente | Ubicación/localización actual | Ubicación en estantería | Fecha de adquisición | Número de inventario | Total de préstamos | Signatura topográfica completa | Código de barras | Fecha visto por última vez | Precio válido a partir de | Tipo de ítem Koha |
|---|---|---|---|---|---|---|---|---|---|---|---|---|---|---|---|---|
| Dewey Decimal Classification | Préstamo interno | Monografías: Libros y Folletos | General | General | En catalogación | 10.12.2009 | LF1 | 342.87029 E74ó, 1966 | 14358-10 | 25.06.2020 | 25.06.2020 | Préstamo interno |
